[Event "5. ODEM U25 2008"]
[Site "Willingen GER"]
[Date "2008.05.15"]
[Round "7"]
[White "Figura, Atila Gajo"]
[Black "Siebarth, Raiko"]
[Result "1-0"]
[Termination "normal"]
[Board "1"]
[WhiteTitle "FM"]
[WhiteElo "2405"]
[BlackElo "2284"]
[PlyCount "141"]
[WhiteFideId "4688058"]
[BlackFideId "4674766"]
[EventCountry "GER"]
[EventRounds "9"]
[EventType "swiss"]
[EventDate "2008.05.10"]

1. d4 Nf6 2. c4 g6 3. Nc3 Bg7 4. e4 d6 5. Nf3 O-O 6. Be2 e5 7. O-O Nc6 8. d5
Ne7 9. Kh1 a5 10. a3 Nd7 11. g4 Nc5 12. Rg1 Kh8 13. Be3 f5 14. gxf5 gxf5 15.
exf5 Bxf5 16. Bxc5 dxc5 17. Bd3 Ng6 18. Bxf5 Rxf5 19. Ne4 Bh6 20. Rg3 Qe7 21.
Rh3 Bf4 22. Qg1 Rg8 23. Qg4 Rf7 24. Rg1 Rfg7 25. Qe6 Qxe6 26. dxe6 Nf8 27. Rxg7
Rxg7 28. Nxc5 b6 29. Nd3 Nxe6 30. Nfxe5 Bg5 31. Rg3 h6 32. f4 Bf6 33. Kg2 Kh7
34. Rxg7+ Kxg7 35. Kf3 h5 36. Ke4 Be7 37. Kd5 Kf6 38. Ke4 Bd6 39. Nd7+ Ke7 40.
N7e5 Kf6 41. b4 axb4 42. axb4 Ng7 43. Nc6 Nf5 44. Nde5 Nh6 45. b5 Ke6 46. Nd4+
Kf6 47. h3 Ba3 48. Nd3 Bd6 49. Nc1 Kg6 50. Nce2 Ng8 51. f5+ Kg5 52. Nf3+ Kf6
53. Nf4 h4 54. Nd5+ Kg7 55. Nxh4 Bg3 56. Nf3 Nh6 57. Ng5 Nf7 58. f6+ Kg6 59.
Nxf7 Kxf7 60. Kf5 Bh4 61. Kg4 Bxf6 62. Nxf6 Kxf6 63. h4 Ke5 64. h5 Kd4 65. h6
Kxc4 66. h7 Kxb5 67. h8=Q c5 68. Qc3 c4 69. Qa3 c3 70. Qxc3 Ka4 71. Qb2 1-0

[Event "5. ODEM U25 2008"]
[Site "Willingen GER"]
[Date "2008.05.15"]
[Round "7"]
[White "Coenen, Michael"]
[Black "Sieker, Roland"]
[Result "1-0"]
[Termination "normal"]
[Board "2"]
[WhiteElo "2174"]
[BlackElo "2047"]
[PlyCount "73"]
[WhiteFideId "4697367"]
[BlackFideId "24600261"]
[EventCountry "GER"]
[EventRounds "9"]
[EventType "swiss"]
[EventDate "2008.05.10"]

1. d4 e5 2. dxe5 Nc6 3. Nf3 Qe7 4. Qd5 b6 5. c3 h6 6. b3 Bb7 7. Ba3 Qe6 8.
Qxe6+ dxe6 9. Bxf8 Kxf8 10. e3 g5 11. h3 Rd8 12. Na3 Nge7 13. Nb5 Ng6 14. Nxc7
Ncxe5 15. Nxe5 Nxe5 16. Nb5 a6 17. Nd4 Ke7 18. O-O-O b5 19. Rg1 Rc8 20. Kb2 Rc7
21. f4 Nd7 22. Be2 Rhc8 23. Rc1 Nb6 24. fxg5 hxg5 25. Bf3 Bxf3 26. Nxf3 Nd5 27.
Nxg5 Nxe3 28. g4 Nd5 29. Rg3 b4 30. c4 Nc3 31. Re3 Rh8 32. Rf1 Ke8 33. Ref3 Rd7
34. Kc2 Ne2 35. Rxf7 Nd4+ 36. Kd3 Rxf7 37. Nxf7 1-0

[Event "5. ODEM U25 2008"]
[Site "Willingen GER"]
[Date "2008.05.15"]
[Round "7"]
[White "Högy, Kevin"]
[Black "Jahncke, Giso"]
[Result "1/2-1/2"]
[Termination "normal"]
[Board "3"]
[WhiteElo "2058"]
[BlackElo "2031"]
[PlyCount "72"]
[WhiteFideId "24647098"]
[BlackFideId "24608289"]
[EventCountry "GER"]
[EventRounds "9"]
[EventType "swiss"]
[EventDate "2008.05.10"]

1. d4 Nf6 2. c4 g6 3. Nf3 Bg7 4. Nc3 d6 5. e4 O-O 6. Be2 Na6 7. O-O e5 8. dxe5
dxe5 9. Qxd8 Rxd8 10. Be3 Bg4 11. Rfd1 Bxf3 12. Bxf3 Rxd1+ 13. Rxd1 c6 14. a3
Nc7 15. c5 Kf8 16. Be2 Ke8 17. f3 Nd7 18. Bc4 Nf8 19. Kf2 Nfe6 20. g3 Bf8 21.
Na4 Rd8 22. Rxd8+ Kxd8 23. Ke2 Ke7 24. Kd3 Bg7 25. Bxe6 Nxe6 26. b4 f5 27. Nb2
f4 28. Bf2 Ng5 29. Ke2 fxg3 30. hxg3 Nf7 31. Nc4 h5 32. Be1 Bf6 33. Bc3 g5 34.
Kf2 Ke6 35. a4 Bd8 36. Bd2 Bc7 1/2-1/2

[Event "5. ODEM U25 2008"]
[Site "Willingen GER"]
[Date "2008.05.15"]
[Round "7"]
[White "Günnigmann, Manuel"]
[Black "Schneider, Christian"]
[Result "1-0"]
[Termination "normal"]
[Board "4"]
[WhiteElo "2043"]
[BlackElo "2097"]
[PlyCount "83"]
[WhiteFideId "24640360"]
[BlackFideId "24613886"]
[EventCountry "GER"]
[EventRounds "9"]
[EventType "swiss"]
[EventDate "2008.05.10"]

1. e4 c6 2. d4 d5 3. Nc3 dxe4 4. Nxe4 Nd7 5. Bc4 e6 6. Nf3 Ngf6 7. Nc3 Be7 8.
O-O O-O 9. Qe2 Nd5 10. Bd2 a6 11. Ne5 Nxe5 12. dxe5 b5 13. Bd3 Nb4 14. Be4 Qc7
15. Rfe1 Bb7 16. Qh5 g6 17. Qh6 Rfd8 18. Bg5 Bxg5 19. Qxg5 Rd7 20. Re3 Qd8 21.
Qg4 Nd5 22. Nxd5 cxd5 23. Bd3 Qe7 24. Rh3 Rc7 25. a4 b4 26. a5 Bc6 27. Rh4 Rb7
28. Qh3 f5 29. exf6 Qxf6 30. Re1 e5 31. f3 b3 32. c3 Rf7 33. Rb4 e4 34. Be2 Rb7
35. Rxb7 Bxb7 36. fxe4 dxe4 37. Bc4+ Kh8 38. Bxb3 Rd8 39. Rf1 Qc6 40. Qe3 Qc7
41. Rf7 Rd7 42. Qd4+ 1-0

[Event "5. ODEM U25 2008"]
[Site "Willingen GER"]
[Date "2008.05.15"]
[Round "7"]
[White "Billing, Christian"]
[Black "Lantzsch, Christian"]
[Result "1-0"]
[Termination "normal"]
[Board "5"]
[WhiteElo "2155"]
[BlackElo "2218"]
[PlyCount "37"]
[WhiteFideId "4697294"]
[BlackFideId "4659821"]
[EventCountry "GER"]
[EventRounds "9"]
[EventType "swiss"]
[EventDate "2008.05.10"]

1. e4 c5 2. d3 e6 3. Nf3 d5 4. Nbd2 Nc6 5. g3 Bd6 6. Bg2 Nge7 7. O-O O-O 8. Nh4
dxe4 9. Nxe4 Ng6 10. Nxg6 hxg6 11. h4 Be7 12. Be3 Qa5 13. h5 gxh5 14. Qxh5 Bd7
15. Ng5 Bxg5 16. Bxg5 Be8 17. Bf6 gxf6 18. Be4 f5 19. Qg5+ 1-0

[Event "5. ODEM U25 2008"]
[Site "Willingen GER"]
[Date "2008.05.15"]
[Round "7"]
[White "Hinz, Arne"]
[Black "Gölz, Daniel"]
[Result "0-1"]
[Termination "normal"]
[Board "6"]
[WhiteElo "1965"]
[BlackElo "2015"]
[PlyCount "86"]
[WhiteFideId "24634875"]
[BlackFideId "24626325"]
[EventCountry "GER"]
[EventRounds "9"]
[EventType "swiss"]
[EventDate "2008.05.10"]

1. e4 c5 2. Nc3 e6 3. d3 Nc6 4. g3 d5 5. Bg2 Nge7 6. Nge2 b6 7. O-O dxe4 8.
dxe4 Ba6 9. Be3 g6 10. Qxd8+ Rxd8 11. Rfd1 Rxd1+ 12. Rxd1 Bg7 13. Bf1 O-O 14.
Nc1 Bxf1 15. Kxf1 Nd4 16. Bxd4 cxd4 17. N3e2 Rc8 18. Rd2 Nc6 19. c3 dxc3 20.
Nxc3 Ne5 21. N1e2 Nc4 22. Rc2 b5 23. Ke1 Nd6 24. Rd2 Nc4 25. Rc2 Ne5 26. Kd1
Nf3 27. Nxb5 Rd8+ 28. Kc1 Bh6+ 29. Kb1 Rd1+ 30. Nc1 Nd2+ 31. Ka1 Nxe4 32. f4 e5
33. Nc3 Nxc3 34. bxc3 exf4 35. gxf4 Bxf4 36. Kb2 Bxc1+ 37. Rxc1 Rxc1 38. Kxc1
Kf8 39. Kd2 Ke7 40. Ke3 Kd6 41. Kd4 f5 42. c4 g5 43. a3 a6 0-1

[Event "5. ODEM U25 2008"]
[Site "Willingen GER"]
[Date "2008.05.15"]
[Round "7"]
[White "Schäfer, Alexander"]
[Black "Bömelburg, Raphael"]
[Result "0-1"]
[Termination "normal"]
[Board "7"]
[WhiteElo "1957"]
[BlackElo "1852"]
[PlyCount "78"]
[WhiteFideId "24615196"]
[BlackFideId "24692441"]
[EventCountry "GER"]
[EventRounds "9"]
[EventType "swiss"]
[EventDate "2008.05.10"]

1. e4 e6 2. d3 d5 3. Nd2 Nf6 4. Ngf3 Bc5 5. e5 Nfd7 6. g3 Be7 7. Bg2 c5 8. O-O
Nc6 9. Re1 Qc7 10. Qe2 b6 11. a3 Bb7 12. Nf1 h6 13. h4 O-O-O 14. N1h2 g6 15.
Ng4 Bf8 16. Bf4 Bg7 17. Nf6 Rdf8 18. Nxd5 exd5 19. e6 Qd8 20. e7 Nxe7 21. Qxe7
Qxe7 22. Rxe7 Bf6 23. Re2 Bxb2 24. Rb1 Bc3 25. Ne5 Re8 26. Bh3 f5 27. d4 Bxd4
28. Rbe1 Nxe5 29. Bxe5 Bxe5 30. Rxe5 Rxe5 31. Rxe5 Kd7 32. h5 Re8 33. Rxe8 Kxe8
34. hxg6 Bc8 35. Bg2 Be6 36. Bf3 Kf8 37. Kf1 Kg7 38. Bh5 d4 39. Ke2 Bd7 0-1

[Event "5. ODEM U25 2008"]
[Site "Willingen GER"]
[Date "2008.05.15"]
[Round "7"]
[White "Geshnizjani, Ramin Tobias"]
[Black "Zahn, Benno"]
[Result "1-0"]
[Termination "normal"]
[Board "8"]
[WhiteElo "2039"]
[BlackElo "1798"]
[PlyCount "45"]
[WhiteFideId "24633089"]
[BlackFideId "24636070"]
[EventCountry "GER"]
[EventRounds "9"]
[EventType "swiss"]
[EventDate "2008.05.10"]

1. e4 c5 2. Nf3 d6 3. Bb5+ Bd7 4. Bxd7+ Qxd7 5. O-O Nc6 6. c4 g6 7. d4 cxd4 8.
Nxd4 Bg7 9. Be3 Nf6 10. f3 O-O 11. Nc3 Rfc8 12. b3 Ne8 13. Rc1 Nxd4 14. Bxd4
Bh6 15. f4 Nc7 16. Be3 Rd8 17. Qf3 b5 18. cxb5 Nxb5 19. Nd5 Rdc8 20. f5 Bxe3+
21. Qxe3 Nc7 22. Rxc7 Rxc7 23. f6 1-0

[Event "5. ODEM U25 2008"]
[Site "Willingen GER"]
[Date "2008.05.15"]
[Round "7"]
[White "Kyas, Marcel"]
[Black "Ludwig, Sebastian"]
[Result "1/2-1/2"]
[Termination "normal"]
[Board "9"]
[WhiteElo "1986"]
[BlackElo "2036"]
[PlyCount "82"]
[WhiteFideId "24642037"]
[BlackFideId "4692780"]
[EventCountry "GER"]
[EventRounds "9"]
[EventType "swiss"]
[EventDate "2008.05.10"]

1. d4 Nf6 2. Nf3 d5 3. c4 c6 4. e3 Bf5 5. Nc3 e6 6. Nh4 Bg4 7. Qb3 Qb6 8. h3
Bh5 9. g4 Bg6 10. Nxg6 hxg6 11. Bg2 Nbd7 12. Bd2 Be7 13. O-O-O Qxb3 14. axb3
Nb6 15. c5 Nbd7 16. g5 Nh5 17. e4 b6 18. exd5 cxd5 19. cxb6 Nxb6 20. Kc2 O-O
21. Bf3 Rab8 22. Ra1 Rb7 23. Ra6 Rfb8 24. Kd3 Nc8 25. Bd1 Bd6 26. Ne2 Re7 27.
f4 Rbb7 28. Rc6 Rec7 29. Rxc7 Bxc7 30. Rf1 Nd6 31. Rf3 Ne4 32. Ke3 f6 33. h4
Nd6 34. Bc2 Kf7 35. Kf2 Rb8 36. Rc3 Ba5 37. Rc6 Bxd2 38. Rxd6 Rb7 39. Kf3 Rc7
40. Bd3 Ba5 41. Ra6 Bb6 1/2-1/2

[Event "5. ODEM U25 2008"]
[Site "Willingen GER"]
[Date "2008.05.15"]
[Round "7"]
[White "Schwarzat, Julian"]
[Black "Ludwig, Jan"]
[Result "1/2-1/2"]
[Termination "normal"]
[Board "10"]
[WhiteElo "1963"]
[BlackElo "1957"]
[PlyCount "21"]
[WhiteFideId "24675857"]
[BlackFideId "24643289"]
[EventCountry "GER"]
[EventRounds "9"]
[EventType "swiss"]
[EventDate "2008.05.10"]

1. e3 d5 2. f4 Nf6 3. Nf3 Bg4 4. d4 e6 5. Bd3 c5 6. c3 Nc6 7. O-O Be7 8. Nbd2
Qb6 9. Qe1 Bf5 10. Ne5 cxd4 11. exd4 1/2-1/2

[Event "5. ODEM U25 2008"]
[Site "Willingen GER"]
[Date "2008.05.15"]
[Round "7"]
[White "Kunz, André"]
[Black "Eigemann, Julian"]
[Result "1-0"]
[Termination "normal"]
[Board "11"]
[WhiteElo "1915"]
[BlackElo "1604"]
[PlyCount "87"]
[WhiteFideId "24623652"]
[BlackFideId "24666599"]
[EventCountry "GER"]
[EventRounds "9"]
[EventType "swiss"]
[EventDate "2008.05.10"]

1. e4 d5 2. exd5 Qxd5 3. Nc3 Qa5 4. g3 Nf6 5. Bg2 c6 6. Nge2 Bf5 7. b4 Qc7 8.
a4 e6 9. Rb1 Bd6 10. O-O O-O 11. d3 Nbd7 12. b5 Nd5 13. bxc6 bxc6 14. Bd2 Rab8
15. Nd4 Bg6 16. Nce2 Nc5 17. a5 Rxb1 18. Qxb1 Rb8 19. Qa2 Bh5 20. Nc1 Be5 21.
Ncb3 Nxb3 22. Nxb3 Nc3 23. Qa3 Bd6 24. Qa1 Nd5 25. Qa4 c5 26. Qc4 Nb4 27. Be3
Rc8 28. Rc1 h6 29. Ra1 Bg6 30. a6 Nc6 31. f4 Rb8 32. Bxc5 Nb4 33. Bxd6 Qxd6 34.
Bb7 Qb6+ 35. Qd4 Qxd4+ 36. Nxd4 Kf8 37. Ra4 Nd5 38. Nc6 Nb6 39. Ra2 Re8 40.
Nxa7 Na8 41. Nb5 Ke7 42. a7 Kd7 43. Ra6 h5 44. Bc6+ 1-0

[Event "5. ODEM U25 2008"]
[Site "Willingen GER"]
[Date "2008.05.15"]
[Round "7"]
[White "Kahleys, Kevin"]
[Black "Arps, Jan-Philipp"]
[Result "0-1"]
[Termination "normal"]
[Board "12"]
[WhiteElo "1955"]
[BlackElo "2027"]
[PlyCount "84"]
[WhiteFideId "24669601"]
[BlackFideId "24645680"]
[EventCountry "GER"]
[EventRounds "9"]
[EventType "swiss"]
[EventDate "2008.05.10"]

1. d4 Nf6 2. Nf3 c5 3. c4 g6 4. d5 e6 5. Nc3 exd5 6. cxd5 d6 7. e4 Bg7 8. Bd3
O-O 9. O-O Re8 10. a4 Na6 11. Bxa6 bxa6 12. Re1 Rb8 13. h3 Nd7 14. Qc2 Ne5 15.
Nd2 c4 16. Re2 Qb6 17. Nd1 Qd4 18. Ne3 Bd7 19. Ra3 Rec8 20. Rc3 Rb4 21. Ra3 Nd3
22. Nd1 Nxc1 23. Qxc1 Rxa4 24. Rxa4 Bxa4 25. b3 Bb5 26. bxc4 Bh6 27. Ne3 Bxc4
28. Ndxc4 Bxe3 29. Rxe3 Rxc4 30. Qa3 Qe5 31. g3 Qd4 32. Re1 Rc2 33. Qe3 Qc5 34.
Ra1 a5 35. Qf3 Rc1+ 36. Rxc1 Qxc1+ 37. Kg2 a4 38. Qf6 Qc5 39. g4 h6 40. f4 a3
41. f5 Qc2+ 42. Kf3 Qb3+ 0-1

[Event "5. ODEM U25 2008"]
[Site "Willingen GER"]
[Date "2008.05.15"]
[Round "7"]
[White "Ackermann, Johannes"]
[Black "Wurm, Alexander"]
[Result "1/2-1/2"]
[Termination "normal"]
[Board "13"]
[WhiteElo "1902"]
[BlackElo "2068"]
[PlyCount "51"]
[WhiteFideId "24663875"]
[BlackFideId "24637246"]
[EventCountry "GER"]
[EventRounds "9"]
[EventType "swiss"]
[EventDate "2008.05.10"]

1. e4 e6 2. d4 d5 3. Nc3 Nf6 4. Bg5 Be7 5. Bxf6 Bxf6 6. e5 Be7 7. Qg4 O-O 8.
O-O-O c5 9. dxc5 Nc6 10. f4 Bxc5 11. Bd3 f5 12. Qh3 a6 13. Kb1 b5 14. g4 d4 15.
Nce2 Qd5 16. Nf3 Nb4 17. Nc1 Nxd3 18. Nxd3 Be7 19. Rhg1 Bb7 20. Rg3 g6 21. gxf5
exf5 22. Rdg1 Rf7 23. e6 Rg7 24. Nde5 Qxe6 25. Nxd4 Qf6 26. Qh6 1/2-1/2

[Event "5. ODEM U25 2008"]
[Site "Willingen GER"]
[Date "2008.05.15"]
[Round "7"]
[White "Pogan, Nicolas"]
[Black "Lehmann, Ruben"]
[Result "1-0"]
[Termination "normal"]
[Board "14"]
[WhiteElo "2003"]
[BlackElo "1780"]
[PlyCount "25"]
[WhiteFideId "24673579"]
[BlackFideId "24671177"]
[EventCountry "GER"]
[EventRounds "9"]
[EventType "swiss"]
[EventDate "2008.05.10"]

1. e4 c6 2. d4 d5 3. e5 Bf5 4. h4 h6 5. g4 Bh7 6. e6 fxe6 7. Bd3 Bxd3 8. Qxd3
Qd6 9. Qg6+ Kd7 10. Nf3 e5 11. Nxe5+ Kc7 12. Qxd6+ exd6 13. Ng6 1-0

[Event "5. ODEM U25 2008"]
[Site "Willingen GER"]
[Date "2008.05.15"]
[Round "7"]
[White "Richters, Marc"]
[Black "Wenninger, Philipp"]
[Result "1/2-1/2"]
[Termination "normal"]
[Board "15"]
[WhiteElo "1961"]
[BlackElo "1868"]
[PlyCount "58"]
[WhiteFideId "24612332"]
[BlackFideId "4648404"]
[EventCountry "GER"]
[EventRounds "9"]
[EventType "swiss"]
[EventDate "2008.05.10"]

1. Nf3 Nf6 2. b3 g6 3. Bb2 Bg7 4. e3 O-O 5. d4 d5 6. Nbd2 c5 7. c4 Nc6 8. Be2
cxd4 9. Nxd4 Nxd4 10. Bxd4 Bf5 11. cxd5 Qxd5 12. O-O Rfd8 13. Bc4 Qd7 14. Nf3
Be6 15. Ne5 Qc8 16. Rc1 Bxc4 17. Rxc4 Qf5 18. Qe2 Nd7 19. Nf3 Ne5 20. Nxe5 Bxe5
21. Rc5 f6 22. f4 Rxd4 23. fxe5 Qe4 24. Rf4 Qb1+ 25. Rf1 Qe4 26. Qf2 Rd3 27.
exf6 exf6 28. Qxf6 Qxe3+ 29. Kh1 Qxc5 1/2-1/2

[Event "5. ODEM U25 2008"]
[Site "Willingen GER"]
[Date "2008.05.15"]
[Round "7"]
[White "Kunze, Christopher"]
[Black "Wisheckel, Florian"]
[Result "1/2-1/2"]
[Termination "normal"]
[Board "17"]
[WhiteElo "1942"]
[BlackElo "1749"]
[PlyCount "138"]
[WhiteFideId "4647998"]
[BlackFideId "24678090"]
[EventCountry "GER"]
[EventRounds "9"]
[EventType "swiss"]
[EventDate "2008.05.10"]

1. d4 d5 2. c4 e6 3. Nc3 Nf6 4. Nf3 Be7 5. Bf4 Nh5 6. Bg3 O-O 7. e3 b6 8. cxd5
exd5 9. Bd3 Be6 10. O-O Nd7 11. Bb5 Ndf6 12. Bc6 Nxg3 13. hxg3 Rb8 14. Rc1 Bd6
15. Qa4 a5 16. a3 Bd7 17. Nxd5 Bxc6 18. Nxf6+ Qxf6 19. Qxc6 Rbc8 20. Nd2 Rfd8
21. Qf3 Qxf3 22. gxf3 c5 23. Ne4 Be7 24. dxc5 f5 25. Nd6 Bxd6 26. cxd6 Rxc1 27.
Rxc1 Rxd6 28. Rc2 Kf7 29. Kf1 g5 30. g4 f4 31. Ke2 Kf6 32. Rc4 fxe3 33. fxe3
Ke5 34. f4+ gxf4 35. exf4+ Kf6 36. Ke3 Kg6 37. Ke4 Kf6 38. g5+ Kf7 39. Rc7+ Kg8
40. Rb7 h6 41. Ke5 Rc6 42. gxh6 Rxh6 43. f5 Rc6 44. Kd5 Rc5+ 45. Ke6 Rc6+ 46.
Ke7 Kg7 47. Kd7 Rf6 48. Kc7 Rxf5 49. Rxb6 a4 50. Ra6 Rb5 51. Rxa4 Rxb2 52. Rb4
Rc2+ 53. Kb6 Kf6 54. a4 Ke6 55. a5 Kd7 56. a6 Rc6+ 57. Ka5 Kc7 58. a7 Rc5+ 59.
Ka6 Rc6+ 60. Kb5 Rb6+ 61. Ka5 Rxb4 62. a8=Q Rb1 63. Qa7+ Kc6 64. Qa6+ Kc7 65.
Qc4+ Kb8 66. Qe4 Rb3 67. Qc2 Rb7 68. Qc6 Ra7+ 69. Kb6 Ra6+ 1/2-1/2

[Event "5. ODEM U25 2008"]
[Site "Willingen GER"]
[Date "2008.05.15"]
[Round "7"]
[White "Seyrich, Maximilian"]
[Black "Stahnecker, Wieland"]
[Result "0-1"]
[Termination "normal"]
[Board "18"]
[WhiteElo "1943"]
[BlackElo "1733"]
[PlyCount "57"]
[WhiteFideId "24622427"]
[BlackFideId "4694481"]
[EventCountry "GER"]
[EventRounds "9"]
[EventType "swiss"]
[EventDate "2008.05.10"]

1. d4 Nf6 2. c4 e5 3. dxe5 Ng4 4. Bf4 g5 5. Bg3 Bg7 6. Nf3 Nc6 7. Nc3 Ngxe5 8.
Nxe5 Nxe5 9. e3 d6 10. Qc2 Be6 11. b3 Qf6 12. Rc1 Qg6 13. Qd2 f5 14. Nb5 Qf7
15. c5 d5 16. Qa5 Rc8 17. Be2 f4 18. exf4 gxf4 19. O-O O-O 20. Bh4 f3 21. Bxf3
Nxf3+ 22. gxf3 Qxf3 23. Rc3 Bxc3 24. Qxc3 Qxc3 25. Nxc3 c6 26. f4 Rce8 27. Rf2
Rf7 28. Ne2 Bh3 29. Nd4 0-1

[Event "5. ODEM U25 2008"]
[Site "Willingen GER"]
[Date "2008.05.15"]
[Round "7"]
[White "Weißbeck, Simon"]
[Black "Thanabalasingam, Ajandhan"]
[Result "1/2-1/2"]
[Termination "normal"]
[Board "19"]
[WhiteElo "1831"]
[BlackElo "1723"]
[PlyCount "40"]
[WhiteFideId "24646865"]
[BlackFideId "24601659"]
[EventCountry "GER"]
[EventRounds "9"]
[EventType "swiss"]
[EventDate "2008.05.10"]

1. e4 c5 2. c3 d5 3. exd5 Qxd5 4. d4 g6 5. Nf3 Bg7 6. Na3 Nh6 7. Bc4 Qd8 8.
Bxh6 Bxh6 9. dxc5 O-O 10. O-O Bg4 11. Qxd8 Rxd8 12. Bxf7+ Kf8 13. Bc4 Bxf3 14.
gxf3 Nd7 15. Rad1 Nxc5 16. Nb5 a6 17. Nd4 e5 18. Ne6+ Nxe6 19. Bxe6 Ke7 20. Bb3
Bd2 1/2-1/2

[Event "5. ODEM U25 2008"]
[Site "Willingen GER"]
[Date "2008.05.15"]
[Round "7"]
[White "Häcker, Katrin"]
[Black "Elser, Niklas"]
[Result "1/2-1/2"]
[Termination "normal"]
[Board "20"]
[WhiteElo "1663"]
[BlackElo "1858"]
[PlyCount "82"]
[WhiteFideId "24667986"]
[BlackFideId "24634573"]
[EventCountry "GER"]
[EventRounds "9"]
[EventType "swiss"]
[EventDate "2008.05.10"]

1. e4 c5 2. Nf3 a6 3. Nc3 d6 4. d4 cxd4 5. Nxd4 Nf6 6. Bd3 Nbd7 7. O-O g6 8.
Be3 Bg7 9. Kh1 O-O 10. f4 e5 11. Nf3 Ng4 12. Bd2 exf4 13. Bxf4 Nde5 14. h3 Nxf3
15. Qxf3 Ne5 16. Qg3 b5 17. Rad1 Be6 18. Be2 b4 19. Nd5 a5 20. h4 Rc8 21. Rd2
Bxd5 22. exd5 Nc4 23. Bxc4 Rxc4 24. Bxd6 Rxh4+ 25. Kg1 Re8 26. Bc7 Rg4 27. Qxg4
Qxc7 28. d6 Qc5+ 29. Kh1 Re5 30. g3 Rh5+ 31. Kg2 Qc6+ 32. Qf3 Qd7 33. g4 Rg5
34. Kh3 h5 35. Rg1 Be5 36. Rd5 hxg4+ 37. Rxg4 Rh5+ 38. Kg2 Rf5 39. Qe4 Rh5 40.
Rxe5 Rxe5 41. Qxe5 Qxg4+ 1/2-1/2

[Event "5. ODEM U25 2008"]
[Site "Willingen GER"]
[Date "2008.05.15"]
[Round "7"]
[White "Müller, Alexander"]
[Black "Ohnesorg, Felix"]
[Result "1-0"]
[Termination "normal"]
[Board "22"]
[WhiteElo "1807"]
[BlackElo "1711"]
[PlyCount "57"]
[WhiteFideId "4624696"]
[BlackFideId "24653578"]
[EventCountry "GER"]
[EventRounds "9"]
[EventType "swiss"]
[EventDate "2008.05.10"]

1. e4 c5 2. Nf3 Nc6 3. d4 cxd4 4. Nxd4 d6 5. Nc3 g6 6. Be3 Bg7 7. f3 Nf6 8. Bc4
O-O 9. Qd2 Bd7 10. O-O-O Rc8 11. Bb3 Na5 12. Kb1 Nxb3 13. cxb3 a6 14. h4 h5 15.
g4 hxg4 16. h5 gxh5 17. Nf5 Bxf5 18. exf5 Qd7 19. fxg4 hxg4 20. Rdf1 Rxc3 21.
bxc3 Ne4 22. Qh2 Nxc3+ 23. Kc2 Rc8 24. Qh7+ Kf8 25. Bh6 Ne4+ 26. Kb1 Nd2+ 27.
Bxd2 Qc6 28. f6 Bxf6 29. Rc1 1-0

[Event "5. ODEM U25 2008"]
[Site "Willingen GER"]
[Date "2008.05.15"]
[Round "7"]
[White "Drewes, Carina"]
[Black "Häussler, Daniel"]
[Result "0-1"]
[Termination "normal"]
[Board "23"]
[WhiteElo "1676"]
[BlackElo "1919"]
[PlyCount "98"]
[WhiteFideId "24600296"]
[BlackFideId "24631345"]
[EventCountry "GER"]
[EventRounds "9"]
[EventType "swiss"]
[EventDate "2008.05.10"]

1. d4 f5 2. Nf3 Nf6 3. Bg5 e6 4. Nbd2 d6 5. c3 g6 6. e3 Bg7 7. Bc4 O-O 8. O-O
Re8 9. Re1 Nbd7 10. e4 fxe4 11. Nxe4 h6 12. Nxf6+ Nxf6 13. Bh4 g5 14. Bg3 Bd7
15. Qb3 Kf7 16. Re2 b5 17. Bd3 Nd5 18. Qc2 Qf6 19. Rae1 h5 20. h4 Bh6 21. Ne5+
dxe5 22. Bxe5 Qe7 23. Bg6+ Kg8 24. Bxe8 Qxe8 25. hxg5 Bxg5 26. Qd3 h4 27. Qf3
Qf7 28. Qg4 Qf5 29. Qh5 Nf6 30. Bxf6 Bxf6 31. Qxf5 exf5 32. Re3 Kf7 33. a3 a5
34. Ra1 Re8 35. Rxe8 Bxe8 36. g3 Bc6 37. gxh4 Bxh4 38. Re1 Be7 39. Re5 Kf6 40.
Kf1 Bd6 41. Re1 Bd5 42. Ke2 Ke6 43. Kd2+ Kd7 44. Ke3 Kc6 45. f4 Be4 46. Rg1 Kd5
47. Rg8 Kc4 48. Rh8 Kb3 49. Rh2 Bc2 0-1

[Event "5. ODEM U25 2008"]
[Site "Willingen GER"]
[Date "2008.05.15"]
[Round "7"]
[White "Janiesch, Maike"]
[Black "Werner, Patrick"]
[Result "0-1"]
[Termination "normal"]
[Board "24"]
[WhiteElo "1698"]
[BlackElo "1754"]
[PlyCount "32"]
[BlackFideId "24601608"]
[EventCountry "GER"]
[EventRounds "9"]
[EventType "swiss"]
[EventDate "2008.05.10"]

1. d4 g6 2. c4 Bg7 3. Nc3 d6 4. e4 Nd7 5. Be2 e5 6. d5 a5 7. Nf3 Ngf6 8. h3 Nc5
9. Bd3 Nh5 10. Bc2 O-O 11. Be3 Bd7 12. Qd2 Nf4 13. Bxf4 exf4 14. Qxf4 f5 15.
exf5 Bxf5 16. Bxf5 Nd3+ 0-1

[Event "5. ODEM U25 2008"]
[Site "Willingen GER"]
[Date "2008.05.15"]
[Round "7"]
[White "Neumair, Cedric"]
[Black "Paulus, Jeffrey"]
[Result "1-0"]
[Termination "normal"]
[Board "25"]
[WhiteElo "1844"]
[BlackElo "1674"]
[PlyCount "65"]
[WhiteFideId "4698304"]
[BlackFideId "24692468"]
[EventCountry "GER"]
[EventRounds "9"]
[EventType "swiss"]
[EventDate "2008.05.10"]

1. d4 d5 2. c4 c6 3. Nf3 Nf6 4. Nc3 dxc4 5. a4 Bf5 6. Bf4 e6 7. e3 Bb4 8. Bxc4
Ne4 9. Qb3 Qe7 10. O-O Bxc3 11. bxc3 Bg4 12. Qc2 Nf6 13. Nd2 Nbd7 14. Rfb1 b6
15. a5 b5 16. Bd3 O-O 17. c4 b4 18. c5 e5 19. dxe5 Nxe5 20. Ba6 Nd5 21. Bg3 Nc3
22. Rxb4 Qxc5 23. Rb2 Rfe8 24. Nb3 Qb4 25. Nc1 Bd1 26. Rxb4 Bxc2 27. Bxe5 Rxe5
28. Rc4 Rd8 29. Rxc3 Rd1+ 30. Bf1 Be4 31. f3 Bd5 32. Nb3 Bxb3 33. Rxb3 1-0

[Event "5. ODEM U25 2008"]
[Site "Willingen GER"]
[Date "2008.05.15"]
[Round "7"]
[White "Kinzel, Franziska"]
[Black "Fernschild, Daniel"]
[Result "1/2-1/2"]
[Termination "normal"]
[Board "26"]
[WhiteElo "1526"]
[BlackElo "1877"]
[PlyCount "66"]
[BlackFideId "4624513"]
[EventCountry "GER"]
[EventRounds "9"]
[EventType "swiss"]
[EventDate "2008.05.10"]

1. b3 e6 2. Bb2 d5 3. g3 Nf6 4. Bg2 c5 5. f4 Be7 6. Nf3 O-O 7. O-O b5 8. d3 Bb7
9. Nbd2 Ng4 10. Re1 Ne3 11. Qc1 Nxg2 12. Kxg2 Nd7 13. e4 Rc8 14. c4 bxc4 15.
dxc4 d4 16. e5 Qb6 17. Kf2 a5 18. Qc2 Nb8 19. Ne4 Qc6 20. Qe2 Qxe4 21. Qxe4
Bxe4 22. Rxe4 Nc6 23. Ba3 Ra8 24. Re2 Rfb8 25. Nd2 Nb4 26. Bxb4 axb4 27. Ne4
Ra3 28. Rb2 Rba8 29. Ke2 f6 30. exf6 gxf6 31. Kd3 Kf7 32. Kc2 Kg6 33. Kb1 R3a6
1/2-1/2